|
|
|
|
| LEADER |
00946nam a22002657a 4500 |
| 001 |
41736 |
| 003 |
BD-DhAAL |
| 005 |
20250813141220.0 |
| 008 |
230924t2022 nvu||||| |||| 00| j eng d |
| 020 |
|
|
|a 9798817172843
|
| 040 |
|
|
|a BD-DhAAL
|d BD-DhAAL
|
| 082 |
|
|
|a 891.443
|2 23
|
| 100 |
|
|
|a Chowdhury, Saleha.
|9 19378
|
| 245 |
|
|
|a Collected short stories /
|c Saleha Chowdhury.
|
| 250 |
|
|
|a Second edition.
|
| 260 |
|
|
|a [Place not Identify] :
|b Independently published,
|c 2022.
|
| 300 |
|
|
|a 301 pages ;
|c 22 cm.
|
| 526 |
|
|
|a ENH
|
| 541 |
|
|
|a Development Book Agency
|e 41736
|
| 650 |
|
|
|a Short stories, Bengali.
|
| 650 |
|
|
|a Bengali literature.
|
| 852 |
|
|
|a Ayesha Abed Library
|c General Stacks
|
| 942 |
|
|
|2 ddc
|c BK
|
| 999 |
|
|
|c 46126
|d 46126
|
| 952 |
|
|
|0 0
|1 0
|2 ddc
|4 0
|6 891_443000000000000_CHO
|7 0
|9 74326
|a BRACUL
|b BRACUL
|c GEN
|d 2023-09-05
|e Development Book Agency
|g 3284.00
|l 2
|m 15
|o 891.443 CHO
|p 3010041736
|r 2024-09-01
|s 2024-07-15
|t 1
|v 3284.00
|w 2023-09-05
|y BK
|